[Event "Tata Steel Challengers"]
[Site "Wijk aan Zee NED"]
[Date "2023.01.18"]
[Round "5.7"]
[White "Vaishali, Rameshbabu"]
[Black "Adhiban, Baskaran"]
[Result "1/2-1/2"]
[WhiteTitle "IM"]
[BlackTitle "GM"]
[WhiteElo "2425"]
[BlackElo "2610"]
[WhiteFideId "5091756"]
[BlackFideId "5018471"]
[EventDate "2023.01.14"]

1. e4 c5 2. Nf3 Nc6 3. d4 cxd4 4. Nxd4 g6 5. c4 Nf6 6. Nc3 d6 7. f3 Nxd4 8. Qxd4
Bg7 9. Be3 O-O 10. Qd2 Be6 11. Rc1 a6 12. b3 Qc7 13. Be2 Rfc8 14. O-O Qa5 15.
Rfd1 Nd7 16. Rc2 b5 17. Nd5 Qxd2 18. Rcxd2 Bxd5 19. Rxd5 b4 20. f4 Nf6 21. Ra5
Nxe4 22. Bf3 f5 23. Bd4 Bh6 24. g3 e6 25. Re1 Kf7 26. Bxe4 fxe4 27. Rxe4 Rc6 28.
Kf2 Bf8 29. Re2 Rd8 30. Rd2 Be7 31. Be3 Rb8 32. Kf3 h5 33. Ke4 Bd8 34. Ra4 Bf6
35. Kf3 Rb7 36. Ra5 Bd8 1/2-1/2

[Event "Tata Steel Challengers"]
[Site "Wijk aan Zee NED"]
[Date "2023.01.25"]
[Round "10.2"]
[White "Warmerdam, Max"]
[Black "Donchenko, Alexander"]
[Result "0-1"]
[WhiteTitle "GM"]
[BlackTitle "GM"]
[WhiteElo "2616"]
[BlackElo "2627"]
[WhiteFideId "1048104"]
[BlackFideId "24603295"]
[EventDate "2023.01.14"]

1. e4 c5 2. Nf3 d6 3. d4 cxd4 4. Qxd4 Nf6 5. e5 Nc6 6. Qa4 Ng4 7. Bb5 Nxe5 8.
Nxe5 dxe5 9. Bxc6+ bxc6 10. Be3 f6 11. Nc3 Kf7 12. O-O Bf5 13. Qxc6 a6 14. Rfd1
Qc8 15. Qxc8 Rxc8 16. Rac1 g5 17. Rd2 e6 18. Na4 Be7 19. c4 Be4 20. c5 Bc6 21.
Nb6 Rcd8 22. Nc4 Rxd2 23. Bxd2 Rd8 24. Be3 Ke8 25. b4 Kd7 26. f3 Kc7 27. Kf2 h5
28. h4 gxh4 29. Nd6 f5 30. Re1 h3 31. Rh1 hxg2 32. Rxh5 Rg8 33. Kg1 Rg7 34. Nc4
Bxf3 35. Rh6 f4 36. Nxe5 Bg5 37. Rh3 fxe3 38. Nxf3 e2 39. Kxg2 Bh4+ 40. Kh2 e1=Q 0-1

[Event "Tata Steel Challengers"]
[Site "Wijk aan Zee NED"]
[Date "2023.01.25"]
[Round "10.3"]
[White "L'Ami, Erwin"]
[Black "Sindarov, Javokhir"]
[Result "1/2-1/2"]
[WhiteTitle "GM"]
[BlackTitle "GM"]
[WhiteElo "2627"]
[BlackElo "2654"]
[WhiteFideId "1007998"]
[BlackFideId "14205483"]
[EventDate "2023.01.14"]

1. d4 Nf6 2. c4 e6 3. Nc3 Bb4 4. e3 O-O 5. Bd3 d5 6. Ne2 dxc4 7. Bxc4 c5 8. a3
Bxc3+ 9. Nxc3 cxd4 10. Qxd4 Qxd4 11. exd4 Rd8 12. Be3 b6 13. f3 Ba6 14. Ba2 Nc6
15. Rd1 Rd7 16. d5 Nxd5 17. Nxd5 exd5 18. Rxd5 Re7 19. Kd2 Rae8 20. Re1 h6 21.
Rd6 Na5 22. b4 Nc4+ 23. Bxc4 Bxc4 24. Rd4 Bb5 25. Rd5 Bc4 26. Rd4 b5 27. a4 a6
28. a5 f5 29. h4 g5 30. hxg5 hxg5 31. f4 g4 32. Rd6 Re4 33. g3 R8e7 34. Rd8+ Kf7
35. Rd6 Re8 36. Rd7+ Ke6 37. Rd4 Rh8 38. Bg1 Bd5 39. Rdxe4+ Bxe4 40. Bc5 Rh7 41.
Kc3 Rh2 42. Re3 Rg2 43. Kb3 Kf6 44. Kc3 Bf3 45. Rd3 Be4 1/2-1/2

[Event "Tata Steel Challengers"]
[Site "Wijk aan Zee NED"]
[Date "2023.01.27"]
[Round "11.7"]
[White "Supi, Luis Paulo"]
[Black "Roebers, Eline"]
[Result "1-0"]
[WhiteTitle "GM"]
[BlackTitle "IM"]
[WhiteElo "2608"]
[BlackElo "2361"]
[WhiteFideId "2106388"]
[BlackFideId "1058401"]
[EventDate "2023.01.14"]

1. c4 e5 2. d3 Bb4+ 3. Nd2 c5 4. Nf3 Nc6 5. g3 f5 6. Bg2 Nf6 7. O-O Ba5 8. a3
O-O 9. b4 Bc7 10. bxc5 Qe8 11. Bb2 b6 12. Nh4 f4 13. cxb6 axb6 14. e3 Kh8 15.
exf4 exf4 16. Re1 Qf7 17. Ndf3 Ra5 18. Nd4 Nxd4 19. Bxd4 d5 20. cxd5 Nxd5 21.
Rc1 Bb7 22. Qg4 Bd8 23. Nf5 Nf6 24. Nd6 Qg8 25. Bxf6 Bxg2 26. Bxd8 Rxd8 27. Nc4
h5 28. Qg6 1-0